| 000 | 01045cam a2200265 a 4500 | ||
|---|---|---|---|
| 001 | 13 | ||
| 003 | BR-CuiBMT | ||
| 005 | 20231120010651.0 | ||
| 008 | 230717s2022 mgba 000 0 por d | ||
| 020 | _a9786555183009 | ||
| 040 |
_aBR-CuiBMT _cBR-CuiBMT |
||
| 080 |
_22007 _a342:352 |
||
| 090 |
_a342:352 _bO13 |
||
| 245 | 0 | 2 |
_aA obrigatoriedade constitucional das procuradorias municipais / _cGustavo Machado Tavares, Carlos Figueiredo Mourão, Raphael Diógenes Serafim Vieira, coordenadores ; prefácio Celso Antônio Bandeira de Mello. |
| 260 |
_aBelo Horizonte : _bFórum, _c2022. |
||
| 300 |
_a321 p. : _bil. ; _c22 cm |
||
| 504 | _aInclui bibliografia. | ||
| 650 |
_aProcuradorias municipais _xAspectos constitucionais _zBrasil |
||
| 650 |
_aDireito municipal _xProcuradorias municipais _zBrasil |
||
| 650 |
_aDireito Constitucional _xProcuradorias municipais _zBrasil |
||
| 700 | 1 |
_aTavares, Gustavo Machado _4coord. |
|
| 700 | 1 |
_aMourão, Carlos Figueiredo _4coord. |
|
| 700 | 1 |
_aVieira, Raphael Diógenes Serafim _4coord. |
|
| 942 |
_2udc _cLV |
||
| 999 |
_c13 _d13 |
||